00509nam a2200193 a 4500001001300000003000900013005001700022008004100039020002200080082001700102100002100119245002500140260005000165300000900215500003500224505001000259650002500269700002100294nice12345678IN_TiNIC20260116014538.0131226s2013 dela grp 000 0 eng  a8185063192 c8000a201.65bKHA3 aKhan, Wahiduddin aReligion and Science aDelhibIslamic Centre(al-Risala Office c2013 a93p  aincludes index and biblioraphy2 aindex aReligion and Science1 aKhan, Wahiduddin